Brandenburg sources for West African history, 1680-1700 /

Bibliographic Details
Other Authors: Jones, Adam, 1950-
Format: Book
Language:English
Dutch
German
Published: Stuttgart : F. Steiner Verlag Wiesbaden, 1985.
Series:Studien zur Kulturkunde ; 77. Bd.
Veröffentlichung des Frobenius-Instituts an der Johann-Wolfgang-Goethe-Universität Frankfurt am Main.
Subjects:

MARC

Tag First Indicator Second Indicator Subfields
LEADER 00000cam a2200000 a 4500
001 in00000009130
005 20160203090400.0
008 851115s1985 gw abf b 00100 eng d
020 |a 3515043152 
035 |a (OCoLC)12798511 
035 |9 AAA3205AM 
040 |a UIU  |c UIU  |d BOS  |d YAM  |d m/c  |d TXA  |d UtOrBLW 
041 1 |a eng  |a dut  |a ger  |h dut  |h ger 
043 |a fw-----  |a e-gx--- 
049 |a TXAM  |c [A11011736] 
050 4 |a DT476  |b .B7313 1985 
245 0 0 |a Brandenburg sources for West African history, 1680-1700 /  |c [compiled by] Adam Jones. 
264 1 |a Stuttgart :  |b F. Steiner Verlag Wiesbaden,  |c 1985. 
300 |a xiv, 348 pages, 21 unnumbered pages of plates :  |b illustrations, maps ;  |c 24 cm. 
336 |a text  |b txt  |2 rdacontent 
337 |a unmediated  |b n  |2 rdamedia 
338 |a volume  |b nc  |2 rdacarrier 
490 1 |a Studien zur Kulturkunde ;  |v 77. Bd 
490 1 |a Veröffentlichungen des Frobenius-Instituts an der Johann Wolfgang Goethe-Universität zu Frankfurt/Main 
500 |a English translations of original German and Dutch documents with the original texts as an appendix. 
500 |a Sequel to: German sources for West African history, 1599-1669. 
504 |a Bibliography: pages [322]-330. 
500 |a Includes indexes. 
651 0 |a Africa, West  |x History  |y To 1884  |x Sources. 
650 0 |a Prussians  |z Africa, West  |x History  |x Sources. 
700 1 |a Jones, Adam,  |d 1950- 
830 0 |a Studien zur Kulturkunde ;  |v 77. Bd. 
830 0 |a Veröffentlichung des Frobenius-Instituts an der Johann-Wolfgang-Goethe-Universität Frankfurt am Main. 
999 |a MARS 
999 f f |s 04190cd1-2c87-3ec7-b84b-671c21ea327a  |i 5c15ea5f-54f2-34b0-9086-05e120aefae2  |t 0 
952 f f |p normal  |a Texas A&M University  |b College Station  |c Sterling C. Evans Library  |d Evans: Library Stacks  |t 0  |e DT476 .B7313 1985  |h Library of Congress classification  |i unmediated -- volume  |m A14811011736 
998 f f |a DT476 .B7313 1985  |t 0  |l Evans: Library Stacks